LIBRARY & INFORMATION CENTRE, KCAET, TAVANUR

ONLINE PUBLIC ACCESS CATALOGUE (OPAC)

Oxford dictionary of nursery rhymes / (Record no. 12131)

MARC details
000 -LEADER
fixed length control field 00392cam a2200157ua 4500
041 ## - LANGUAGE CODE
Language code of text/sound track or separate title eng
082 ## - DEWEY DECIMAL CLASSIFICATION NUMBER
Classification number 028.73821
Item number ION/OX
100 ## - MAIN ENTRY--AUTHOR NAME
Personal name Iona, .
245 ## - TITLE STATEMENT
Title Oxford dictionary of nursery rhymes /
250 ## - EDITION STATEMENT
Edition statement 1 /
260 ## - PUBLICATION, DISTRIBUTION, ETC. (IMPRINT)
Place of publication London :
Name of publisher Oxford University Press ,
Year of publication 1952.
300 ## - PHYSICAL DESCRIPTION
Number of Pages 467 ; .
942 ## - ADDED ENTRY ELEMENTS (KOHA)
Koha item type Books
Holdings
Withdrawn status Lost status Damaged status Home library Current library Date acquired Full call number Accession Number Koha item type
      KAUAET KAUAET 07/04/2012 028.73821 6487 Reference
free website counter